| 000 | 01281nam a2200433 a 4500 | ||
|---|---|---|---|
| 003 | AR-BaBNM | ||
| 005 | 20251128204554.0 | ||
| 008 | 082120s2002 ||||||||||||||000 | spa|| | ||
| 020 | _a84-281-0298-8 | ||
| 040 | _cAR-BaBNM | ||
| 245 | 0 | 0 | _aPsicología de la educación |
| 260 |
_aBarcelona _bOikos-tau _c1977 |
||
| 300 |
_a237 p. _bgráfs. |
||
| 490 | 0 |
_aTratado de formación de profesores _vv. 5 |
|
| 500 | _aEste volumen forma parte del Tratado de ciencias pedagógicas | ||
| 500 | _aTraducción de Prudenci Comes | ||
| 504 | _aBibliografía al final de cada capítulo | ||
| 650 | 4 | _aPSICOLOGIA DE LA EDUCACION | |
| 650 | 4 | _aPROCESOS PSICOPEDAGOGICOS | |
| 650 | 4 | _aEDUCACION FISICA | |
| 650 | 4 | _aDESARROLLO MOTOR | |
| 650 | 4 | _aPSICOLINGÜISTICA | |
| 650 | 4 | _aENSEÑANZA DE LA LENGUA MATERNA | |
| 650 | 4 | _aTECNICAS DIDACTICAS | |
| 650 | 4 | _aCREATIVIDAD | |
| 653 | _aPSICOPEDAGOGIA | ||
| 653 | _aEXPRESION CORPORAL | ||
| 653 | _aINVESTIGACION EDUCATIVA | ||
| 700 | 1 | _aDebesse, Maurice | |
| 700 | 1 | _aPujade-Renaud, Claude | |
| 700 | 1 | _aWittwer, Jacques | |
| 700 | 1 | _aMialaret, Gaston | |
| 700 | 1 | _aLeboutet, Lucie | |
| 700 | 1 | _aGilly, Michel | |
| 700 | 1 | _aBeaufils, François | |
| 700 | 1 | _aGuglielmi, Jean | |
| 942 | _cBK | ||
| 998 | _cEthel | ||
| 999 |
_c7966 _d7966 |
||